| 000 | 00000nam##2200000za#4500 |
| 001 | 9.567107 |
| 003 | CaOODSP |
| 005 | 20210624180618 |
| 007 | cr ||||||||||| |
| 008 | 150406|2009||||xxc|||||o f|0| 0 eng|d |
| 022 | |a1488-5387 |
| 040 | |aCaOODSP|beng |
| 043 | |an-cn--- |
| 086 | 1 |aFs97-4/2906E-PDF |
| 110 | 1 |aCanada. |bDepartment of Fisheries and Oceans. |
| 245 | 10|aSummary of a survey of water garden owners in Canada / |h[electronic resource]|cby D. Marson ...[et al.]. |
| 260 | |aBurlington - Ontario : |bFisheries and Oceans Canada |c2009. |
| 300 | |a31p.|bfigs., graphs, maps, references, tables |
| 490 | 1 |aCanadian manuscript report of fisheries and aquatic sciences|x1488-5387|vNo. 2906 |
| 520 | 3 |aThe “Great Canadian Water Garden Survey” was led by the Ontario Federation of Anglers and Hunters (OFAH) along with partner organizations, both as an online and paper questionnaire to determine the origin and fate of aquatic invasive species in the water garden trade. |
| 546 | |a(Résumé en français) |
| 590 | |a10-11|b2010-03-19 |
| 720 | 1 |aMarson, D. |
| 776 | 0#|tSummary of a survey of water garden owners in Canada / |w(CaOODSP)9.619735 |
| 830 | #0|aCanadian manuscript report of fisheries and aquatic sciences,|x1488-5387|vNo. 2906|w(CaOODSP)9.505211 |
| 856 | 40|ahttp://publications.gc.ca|qPDF|s468 KB|uhttps://publications.gc.ca/collections/collection_2010/mpo-dfo/Fs97-4-2906-eng.pdf|yNo. 2906 |